|
|
|
|
| LEADER |
01038nam a22002532a 4500 |
| 001 |
000320259 |
| 003 |
CZ BrMZK |
| 005 |
20060724201641.0 |
| 008 |
980107s1992 xo f slo d |
| 040 |
|
|
|a BOA001
|b cze
|
| 080 |
|
|
|a 372.48(078):376
|2 MRF
|
| 080 |
|
|
|a 372.41(078):376
|2 MRF
|
| 100 |
1 |
|
|a Brestenská, Eva
|7 jx20040728008
|4 aut
|
| 245 |
1 |
0 |
|a Pracovné listy k Našej knihe a Vecnému učeniu pre 2. ročník osobitných škôl /
|c Eva Brestenská, Eva Rosskopfová
|
| 250 |
|
|
|a 4., upr. vyd.
|
| 260 |
|
|
|a Bratislava :
|b Slovenské pedagogické nakladateľstvo,
|c 1992
|
| 300 |
|
|
|a Nestr., [21] příl. na vol. listech
|
| 700 |
1 |
|
|a Rosskopfová, Eva
|7 jx20040728028
|4 aut
|
| 910 |
|
|
|a BOA001
|b PK-N-0030.289
|
| 964 |
|
|
|a Učení věcné - listy pracovní - školy zvláštní
|
| 964 |
|
|
|a Čtení - listy pracovní - školy zvláštní
|
| 964 |
|
|
|a Slovenština - čtení - listy pracovní - školy zvláštní
|
| 990 |
|
|
|a BK
|
| 996 |
7 |
|
|b 3119927589
|c PK-N-0030.289
|l MZK
|r Sklad / do 1 hodiny
|n 1
|w 000320259
|u 000010
|a 1
|e BOA001
|j MZK50
|s A
|